Unlocking the Leadership Master Code Five Gateways to Adaptive Leadership Intelligence
Na minha lista:
| Autor principal: | |
|---|---|
| Outros Autores: | |
| Formato: | Livro |
| Idioma: | inglês |
| Publicado em: |
[Johannesburg]
KR Publishing
2025
|
| Edição: | 1st Edition |
| Assuntos: | |
| Tags: |
Sem tags, seja o primeiro a adicionar uma tag!
|
MARC
| LEADER | 00000nam a2200000 4500 | ||
|---|---|---|---|
| 001 | 0312825 | ||
| 005 | 20251126153805.5 | ||
| 020 | |a 9781991272508 | ||
| 041 | 0 | |a eng | |
| 044 | |a ZA | ||
| 245 | 1 | 0 | |a Unlocking the Leadership Master Code |b Five Gateways to Adaptive Leadership Intelligence |c by Marius Pretorius & Nico Schutte |
| 250 | |a 1st Edition | ||
| 264 | 1 | |a [Johannesburg] |b KR Publishing |c 2025 | |
| 300 | |a 259 s. | ||
| 500 | |a ProQuest e-books. | ||
| 610 | 2 | 0 | |a vedenie ľudí |
| 610 | 2 | 0 | |a vodcovstvo |
| 610 | 2 | 0 | |a lídri |
| 610 | 2 | 0 | |a riadenie |
| 610 | 2 | 0 | |a manažment |
| 100 | 1 | |a Pretorius, Marius | |
| 700 | 1 | |a Schutte, Nico | |